Communes françaises de plus de 10.000 habitants - Mort subite - Statistiques

Statistiques générales
  • Ce quiz a été pris 258 fois
  • Le résultat moyen est 7 sur 16
Answers on the Grid
Answers color-coded by a green-red scale on the quiz's grid according to % correct below.
Marseille
Thouars
Marnes-la-Coquette
Privas
Mende
Digne-les-Bains
Briançon
Sartène
Cannes
Langres
Romorantin-Lanthenay
Roissy-en-France
Chaource
Lannion
Basse-Terre
Bourdeaux
Terrasson-Lavilledieu
Oradour-sur-Glane
Roubaix
Blaye
Guéret
Colombey les Deux Églises
Orléans
Volvic
Rouen
Fort-de-France
Troyes
Montignac-Lascaux
Le Touquet-Paris-Plage
Cassis
Brest
Verdun
 
Statistiques - réponses
Réponse % Correct
Marseille
68%
Brest
64%
Orléans
64%
Rouen
64%
Troyes
63%
Roubaix
59%
Cannes
56%
Fort-de-France
46%
Verdun
30%
Briançon
29%
Lannion
27%
Guéret
26%
Romorantin-Lanthenay
23%
Digne-les-Bains
21%
Mende
21%
Thouars
10%
Aucun quiz correspondant
Distribution des résultats
% des personnes avec chaque résultat
Percentile par nombre de réponses
Votre historique - résultats
Vous n’avez pas pris ce quiz